| 000 | 00665nam a22002057a 4500 | ||
|---|---|---|---|
| 999 |
_c8033 _d8033 |
||
| 003 | AR-CdUCM | ||
| 008 | 190322b ||||| |||| 00| 0 spa d | ||
| 040 |
_aMUNICIPALIDAD PROVINCIAL DEL CUSCO _cBIBLIOTECA MUNICIPAL DEL CUSCO |
||
| 082 |
_a928 / _bB81 |
||
| 100 |
_aBrandes, Jorge _922698 |
||
| 245 | _aHenrik Ibsen / | ||
| 260 |
_aBuenos Aires : _bEdiciones argentinas condor, _c1933. |
||
| 300 |
_a188 páginas ; _c18 cm. |
||
| 440 |
_aLas grandes biografias contemporaneas. _n3 _922699 |
||
| 650 |
_aBiografías _9148 |
||
| 650 |
_aGrandes literatos _922700 |
||
| 700 |
_aLiebermann, Jose (traducción y prólogo) _922701 |
||
| 942 |
_2ddc _cLIBROS |
||
| 945 | _azta | ||